| 000 | 00751nam a2200169Ia 4500 | ||
|---|---|---|---|
| 008 | 090711s9999 xx 000 0 und d | ||
| 082 | _b54159 | ||
| 100 | _aसाठवणे पां. आ. | ||
| 245 | _aआयुर्वेदीक आसव अरिष्टे व त्यांSाा औषधी उपयोग | ||
| 260 | _c1985 | ||
| 300 | _a44 | ||
| 600 | _aसाठवणे पां. आ. | ||
| 630 | _aआयुर्वेदीक आसव अरिष्टे व त्यांSाा औषधी उपयोग | ||
| 700 | _aसाठवणे पां. आ. | ||
| 730 | _aआयुर्वेदीक आसव अरिष्टे व त्यांSाा औषधी उपयोग | ||
| 942 | _cBOOK | ||
| 999 |
_c310458 _d310458 |
||